| 000 | 00649cam9a220020500 4500 | ||
|---|---|---|---|
| 001 | tmp15603090 | ||
| 003 | UPRA | ||
| 005 | 20190823084628.0 | ||
| 008 | 950918s1931 gw ger u | ||
| 035 | _a(Sirsi) r11133 | ||
| 035 | _a(UPRA)tmp15603090 | ||
| 040 | _cUPRA | ||
| 041 | 1 |
_ager nor _hger nor |
|
| 100 | 1 |
_aParelius, Fredrik. _6A64903.1 |
|
| 245 | 1 | 0 |
_aFriedeloses Afrika : _bRoman / _cAus dem Norwegischen ubertragen von Ernst Zuchner ; Holzschnitte von Walter Heising. |
| 260 |
_aBerlin : _bGutenberg, _c1931. |
||
| 500 | _aTranslation of Urskogens fredlose. | ||
| 949 |
_aPT8950.P3 _wlcc _i-2961 _mMAIN _tBOOK _lON-SHELF |
||
| 004 | 11133 | ||
| 999 |
_c140564 _d140564 |
||